Poules ligue des Nations 2024-2025 - Statistiques

Statistiques générales
  • Ce quiz a été pris 39 fois
  • Le résultat moyen est 41 sur 54
Statistiques - réponses
Leagues et Group Nations % Correct
Leagues A Group 2 Belgique 🇧🇪
100%
Leagues A Group 2 France 🇫🇷
100%
Leagues A Group 2 Italie 🇮🇹
100%
Leagues B Group 2 Angleterre 🏴󠁧󠁢󠁥󠁮󠁧󠁿
96%
Leagues A Group 4 Danemark 🇩🇰
96%
Leagues A Group 4 Espagne 🇪🇸
96%
Leagues A Group 1 Portugal 🇵🇹
96%
Leagues A Group 4 Suisse 🇨🇭
96%
Leagues A Group 1 Croatie 🇭🇷
93%
Leagues A Group 1 Pologne 🇵🇱
93%
Leagues C Group 1 Suède 🇸🇪
93%
Leagues B Group 1 Ukraine 🇺🇦
93%
Leagues A Group 3 Allemagne 🇩🇪
89%
Leagues A Group 3 Pays-Bas 🇳🇱
89%
Leagues B Group 2 Finlande 🇫🇮
86%
Leagues B Group 3 Norvège 🇳🇴
86%
Leagues B Group 3 Slovénie 🇸🇮
86%
Leagues B Group 4 Turquie 🇹🇷
86%
Leagues B Group 1 Albanie 🇦🇱
82%
Leagues B Group 3 Autriche 🇦🇹
82%
Leagues B Group 2 Irlande 🇮🇪
82%
Leagues B Group 4 Islande 🇮🇸
82%
Leagues C Group 3 Luxembourg 🇱🇺
82%
Leagues D Group 1 Saint-Marin 🇸🇲
82%
Leagues C Group 1 Slovaquie 🇸🇰
82%
Leagues A Group 1 Ecosse 🏴󠁧󠁢󠁳󠁣󠁴󠁿
79%
Leagues C Group 1 Estonie 🇪🇪
79%
Leagues A Group 2 Israël 🇮🇱
79%
Leagues C Group 2 Roumanie 🇷🇴
79%
Leagues A Group 4 Serbie 🇷🇸
79%
Leagues B Group 2 Grèce 🇬🇷
75%
Leagues C Group 2 Kosovo 🇽🇰
75%
Leagues C Group 4 Lettonie 🇱🇻
75%
Leagues C Group 2 Lituanie 🇱🇹
75%
Leagues B Group 1 Géorgie 🇬🇪
71%
Leagues A Group 3 Hongrie 🇭🇺
71%
Leagues D Group 1 Liechtenstein 🇱🇮
71%
Leagues B Group 4 Pays de Galles 🏴󠁧󠁢󠁷󠁬󠁳󠁿
71%
Leagues D Group 2 Andorre 🇦🇩
68%
Leagues A Group 3 Bosnie-Herzegovine 🇧🇦
68%
Leagues C Group 3 Bulgarie 🇧🇬
68%
Leagues C Group 4 Macédoine du Nord 🇲🇰
68%
Leagues C Group 4 Arménie 🇦🇲
64%
Leagues C Group 3 Biélorussie 🇧🇾
64%
Leagues D Group 1 Gibraltar 🇬🇮
64%
Leagues B Group 3 Kazakhstan 🇰🇿
61%
Leagues B Group 4 Monténegro 🇲🇪
61%
Leagues C Group 3 Irlande du Nord ☘️
57%
Leagues D Group 2 Malte 🇲🇹
57%
Leagues D Group 2 Moldavie 🇲🇩
57%
Leagues B Group 1 Tchéquie 🇨🇿
57%
Leagues C Group 2 Chypre 🇨🇾
54%
Leagues C Group 1 Azerbaïdjan 🇦🇿
43%
Leagues C Group 4 Îles Féroé 🇫🇴
0%
Aucun quiz correspondant
Distribution des résultats
% des personnes avec chaque résultat
Percentile par nombre de réponses
Votre historique - résultats
Vous n’avez pas pris ce quiz